000
00309nam a2200121Ia 4500
008
190722s9999 xx 000 0 und d
020
_a
13.978-0-07-139307-2
100
_a
Mahmood Nahvi
245
0
_a
Schum's outline Electric Circuits
260
_a
New York
_b
MC Graw Hill
_c
2003
300
_a
469
942
_c
BK
999
_c
502
_d
502